000
00301nam a2200133Ia 4500
008
230901s2011 xx 000 0 und d
041
_a
eng
082
_a
617.69
100
_a
MCEWEN
245
_a
THEORETICAL BASIS FOR NURSING (IE)
260
_b
LWW
_c
2011
300
_a
369
650
_a
FUNDAMENTAL
999
_c
864672
_d
864672